000
00359nam a2200157Ia 4500
008
230523s9999 xx 000 0 und d
082
_a
340.1 FRE
100
_a
Freeman, Michael
245
0
_a
Lioyd's Introduction to Jurisprudence. Ed.9
250
_a
9
260
_a
Londan
260
_b
Sweet and Maxwell
260
_c
2016
300
_a
1615
942
_c
RB
999
_c
852
_d
852